000
00306nam a22001217a 4500
008
160510b xxu||||| |||| 00| 0 eng d
020
_a
9780495012030
020
_a
0495012033
041
_a
eng
080
_a
547
245
_a
Fundamentals of organic chemistry:
_c
John McMurry;Eric Simanek;
942
_2
udc
_c
BK
999
_c
1939
_d
1939